Patriots Touchdown Quiz 2025-2026 - Statistics

General Stats
  • This quiz has been taken 135 times
  • The average score is 54 of 58
Answer Stats
Hint Answer % Correct
W8/Receiving Stefon Diggs
100%
W9/Receiving Stefon Diggs
100%
W10/Receiving Stefon Diggs
100%
W17/Receiving Stefon Diggs
100%
W2/Receiving Kayshon Boutte
98%
W6/Receiving Kayshon Boutte
98%
W6/Receiving Kayshon Boutte
98%
W7/Receiving Kayshon Boutte
98%
W8/Receiving Kayshon Boutte
98%
W13/Receiving Kayshon Boutte
98%
W2/Rushing Drake Maye
96%
W4/Rushing Drake Maye
96%
W15/Rushing Drake Maye
96%
W15/Rushing Drake Maye
96%
W4/Punt Return Marcus Jones
96%
W12/INT Return Marcus Jones
96%
W13/Punt Return Marcus Jones
96%
W5/Rushing Rhamondre Stevenson
96%
W5/Rushing Rhamondre Stevenson
96%
W7/Rushing Rhamondre Stevenson
96%
W16/Rushing Rhamondre Stevenson
96%
W17/Rushing Rhamondre Stevenson
96%
W17/Receiving Rhamondre Stevenson
96%
W18/Rushing Rhamondre Stevenson
96%
W18/Receiving Rhamondre Stevenson
96%
W18/Rushing Rhamondre Stevenson
96%
W4/Rushing TreVeyon Henderson
96%
W10/Rushing TreVeyon Henderson
96%
W10/Rushing TreVeyon Henderson
96%
W11/Rushing TreVeyon Henderson
96%
W11/Rushing TreVeyon Henderson
96%
W11/Receiving TreVeyon Henderson
96%
W15/Rushing TreVeyon Henderson
96%
W15/Rushing TreVeyon Henderson
96%
W18/Rushing TreVeyon Henderson
96%
W18/Rushing TreVeyon Henderson
96%
W1/Recieving Demario Douglas
93%
W6/Receiving Demario Douglas
93%
W9/Receiving Demario Douglas
93%
W3/Receiving Hunter Henry
93%
W3/Receiving Hunter Henry
93%
W4/Receiving Hunter Henry
93%
W8/Receiving Hunter Henry
93%
W12/Receiving Hunter Henry
93%
W16/Receiving Hunter Henry
93%
W17/Receiving Hunter Henry
93%
W2/Receiving Mack Hollins
89%
W4/Receiving Mack Hollins
89%
W7/Receiving Austin Hooper
87%
W17/Receiving Austin Hooper
87%
W10/Receiving Kyle Williams
87%
W13/Receiving Kyle Williams
87%
W16/Receiving Kyle Williams
87%
W2/Kick Return Antonio Gibson
75%
W4/Rushing Antonio Gibson
75%
W17/Receiving Efton Chism
75%
W7/Fumble Recovery K'Lavon Chaisson
63%
W9/Rushing Terrell Jennings
56%
No matching quizzes found
Score Distribution
Percent of People with Each Score
Percentile by Number Answered
Your Score History
You have not taken this quiz